The Right to Self-determination

Detalles Bibliográficos
Autor principal: Dickson, Agbor
Formato: eBook
Lenguaje:inglés
Publicado: Londres: Lambert Academic Publishing, 2019
Materias:
Acceso en línea:Acceso restringido

MARC

LEADER 00000nam a22000007a 4500
005 20190918132529.0
007 cr|||| ||||
008 190918s2019 uk |||||s|||| 00||0 eng d
020 |a 9786139986156 
035 |a 25798 
040 |a vLex 
090 |c 9558  |d 9558 
100 1 |a Dickson, Agbor 
245 1 0 |a The Right to Self-determination  |h [Recurso electrn̤ico] /  |c Agbor Dickson 
256 |a Servicio en ln̕ea 
260 |a Londres:  |b Lambert Academic Publishing,  |c 2019 
300 |a 1 recurso electrn̤ico 
500 |a This research seeks to examine the right to self-determination by so doing emphasis have been laid on the case of Southern Cameroon by tracing the origin of the quest for self-determination by the Southern Cameroonians. Despite all efforts made by the Southern Cameroonians for their right to self-determination to be recognized, the international community seems to give a deaf ear to this call. The overall purpose of this study is to examine the extent to which the Southern Cameroonians have the right to self-determination. This research or this study adopt a doctrinal approach methodology which is in line with Orthodox legal research. Findings therefore reveals that the quest for selfdetermination by the Southern Cameroonians is still to gain an international recognition though it is strongly argued that the divide between the Anglophone and francophone Cameroonians was a colonial creation. Conclusively this researcher argues that a return to the 1961 federal constitution will go a long way to address the Anglophone problem in Cameroon and thus put an end to the persistent call by Southern Cameroonians for the recognition of their right to self-determination. 
506 1 |a Disponible solo en los productos indicados  |d vLex Global  |d vLex Global (Academic Edition, excluding Law Schools)  |d vLex Global (U.S. Academic Edition, Law Schools)  |d vLex Global (U.S. Academic Edition, excluding Law Schools)  |d vLex Global (Academic Edition, Law Schools) 
650 0 4 |a Derecho Pb︢lico y Administrativo  |z Inglaterra 
740 0 |a vLex Libros (Servicio en ln̕ea) 
856 4 0 |u http://vlex.com/source/25798  |z Acceso restringido 
942 |c BOOK 
999 0 |a Public and Administrative Law